The History of Cultural Exchange Between East and West in the 16th and 17th Century (Record no. 679)

MARC details
000 -CABECERA
campo de control de longitud fija 01104nam a2200241 a 4500
001 - NÚMERO DE CONTROL
campo de control BRCA_782
005 - FECHA Y HORA DE LA ÚLTIMA TRANSACCIÓN
campo de control 20190320203140.0
008 - DATOS DE LONGITUD FIJA--INFORMACIÓN GENERAL
campo de control de longitud fija 261005s1998----ja-a---###---#000-0#jpn-d
020 ## - NÚMERO INTERNACIONAL ESTÁNDAR DEL LIBRO
Número Internacional Estándar del Libro 4924989118
050 #4 - SIGNATURA TOPOGRÁFICA DE LA BIBLIOTECA DEL CONGRESO
Número de clasificación HE859
Número de documento/Ítem .H57 1998
245 10 - MENCIÓN DE TÍTULO
Título The History of Cultural Exchange Between East and West in the 16th and 17th Century
Resto del título the Galleon trade & the V.O.C. : A Special Exibition.
260 ## - PUBLICACIÓN, DISTRIBUCIÓN, ETC.
Lugar de publicación, distribución, etc. [Japón]
Nombre del editor, distribuidor, etc. [Museo del Tabaco y Sal] : [Archivo General de Indias]
Fecha de publicación, distribución, etc. 1998
300 ## - DESCRIPCIÓN FÍSICA
Extensión 269 p.
Otras características físicas il. a color, mapas
Dimensiones 30 cm.
500 ## - NOTA GENERAL
Nota general Catálogo de la exposición realizada en el Museo del Tabaco y Sal (Japón), 10 octubre - 29 noviembre, 1998
500 ## - NOTA GENERAL
Nota general Incluye piezas de la colección Franz Mayer: p. 111, 113-114, 124-126, 128, 132-133, 135 y 137
500 ## - NOTA GENERAL
Nota general 2do. ejemplar en el Área de Investigación
546 ## - NOTA DE LENGUA/LENGUAJE
Nota de lengua/lenguaje Texto en : japonés e inglés
650 14 - PUNTO DE ACCESO ADICIONAL DE MATERIA--TÉRMINO DE MATERIA
Término de materia o nombre geográfico como elemento de entrada Galeones
Subdivisión general Historia
Subdivisión cronológica Siglo XVI-XVII
9 (RLIN) 2603
650 14 - PUNTO DE ACCESO ADICIONAL DE MATERIA--TÉRMINO DE MATERIA
Término de materia o nombre geográfico como elemento de entrada Galeón de Manila (Barco)
9 (RLIN) 2604
650 14 - PUNTO DE ACCESO ADICIONAL DE MATERIA--TÉRMINO DE MATERIA
Término de materia o nombre geográfico como elemento de entrada Navegación
Subdivisión general Historia
Subdivisión cronológica Siglos XVI-XVII
9 (RLIN) 2605
650 14 - PUNTO DE ACCESO ADICIONAL DE MATERIA--TÉRMINO DE MATERIA
Término de materia o nombre geográfico como elemento de entrada Artes decorativas
Subdivisión general Comercio
Subdivisión geográfica Siglo XVI-XVII
9 (RLIN) 2606
942 ## - ELEMENTOS DE PUNTO DE ACCESO ADICIONAL (KOHA)
Fuente del sistema de clasificación o colocación Library of Congress Classification
Tipo de ítem Koha Libros
Holdings
Estado de retiro Estado de pérdida Estado dañado No para préstamo Localización permanente Ubicación/localización actual Fecha de adquisición Total de préstamos Signatura topográfica completa Código de barras Fecha visto por última vez Precio válido a partir de Tipo de ítem Koha Código de colección
El ejemplar forma parte de la colección y puede ser consultado según las políticas vigentes.       Biblioteca del Museo Franz Mayer (Rogerio Casas-Alatriste) Biblioteca del Museo Franz Mayer (Rogerio Casas-Alatriste) 26/06/2008   HE859 .H57 1998 01182 22/03/2019 22/03/2019 Libros  
El ejemplar forma parte de la colección y puede ser consultado según las políticas vigentes.       Biblioteca del Museo Franz Mayer (Rogerio Casas-Alatriste) Biblioteca del Museo Franz Mayer (Rogerio Casas-Alatriste) 02/02/2012   HE859 .H57 1998 02594 22/03/2019 22/03/2019 Libros Acervo General